Southville International School and Colleges
Your cart is empty.
  • Cart
  • Lists
    Public lists Eva Luna New books Lux_list list_1
    Your lists Log in to create your own lists
  • Log in to your account
  • Your cookies
  • Search history
Southville International School and Colleges
  • Advanced search
  • Recent comments
  • Most popular
  • Libraries

Log in to your account

Log in with GOOGLE


If you do not have an external account, but do have a local account, you can still log in:

  1. Home
  2. MARC view: Primary 5/6 science :
Normal view MARC view ISBD view

Primary 5/6 science : (Record no. 25130)

[ view plain ]
MARC details
000 -LEADER
fixed length control field 00512nam a2200169 a 4500
005 - DATE AND TIME OF LATEST TRANSACTION
control field 20140310183603.0
008 - FIXED-LENGTH DATA ELEMENTS--GENERAL INFORMATION
fixed length control field 120720s19uu xx 00 eng d
020 ## - INTERNATIONAL STANDARD BOOK NUMBER
International Standard Book Number 9789814275279
050 ## - LIBRARY OF CONGRESS CALL NUMBER
Classification number LB 1585.5
Item number .P952 2010
245 ## - TITLE STATEMENT
Title Primary 5/6 science :
Remainder of title theme: interaction /
Statement of responsibility, etc consulting editor.
260 ## - PUBLICATION, DISTRIBUTION, ETC. (IMPRINT)
Place of publication, distribution, etc [s.l.] :
Name of publisher, distributor, etc Outreach Edusys,
Date of publication, distribution, etc 2010.
300 ## - PHYSICAL DESCRIPTION
Extent 154 p. :
Other physical details ill. ;
Dimensions 25 cm.
500 ## - GENERAL NOTE
General note + 1 CDROM
650 ## - SUBJECT ADDED ENTRY--TOPICAL TERM
Topical term or geographic name as entry element Science
General subdivision Study and teaching (Elementary)
942 ## - ADDED ENTRY ELEMENTS (KOHA)
Koha item type Books
Source of classification or shelving scheme Library of Congress Classification
Call number prefix Foreign
Holdings
Withdrawn status Lost status Source of classification or shelving scheme Damaged status Home library Current library Shelving location Date acquired Source of acquisition Cost, normal purchase price Total Checkouts Full call number Barcode Date last seen Copy number Price effective from Koha item type
    Library of Congress Classification   College Library College Library General Circulation Section 07/20/2012 Donation 385.00   LB 1585.5 .P952 2010 C14479 05/15/2018 1 10/18/2013 Books

Primary 5/6 science :

APA

(2010). Primary 5/6 science. [s.l.]: Outreach Edusys.

Chicago

2010. Primary 5/6 science. [s.l.]: Outreach Edusys.

Harvard

(2010). Primary 5/6 science. [s.l.]: Outreach Edusys.

MLA

Primary 5/6 science. [s.l.]: Outreach Edusys. 2010.

  • Place hold
  • Print
  • Cite
  • Add to your cart (remove)
  • Save record
    BIBTEX Dublin Core MARCXML MARC (non-Unicode/MARC-8) MARC (Unicode/UTF-8) MARC (Unicode/UTF-8, Standard) MODS (XML) RIS
  • More searches
    Search for this title in:
    Other Libraries (WorldCat) Other Databases (Google Scholar) Online Stores (Bookfinder.com) Open Library (openlibrary.org)

Exporting to Dublin Core...

SOUTHVILLE LIBRARY

Southville International School and Colleges Library

1281 Tropical Ave. Cor. Luxembourg St., BF Homes International, Las Pinas City

Tel. No. 8256374 / 252358 Loc. 117/146

Powered by Koha